| 000 | 00853nam a22002177a 4500 | ||
|---|---|---|---|
| 999 |
_c371093 _d371093 |
||
| 008 | 201127b ||||| |||| 00| 0 eng d | ||
| 040 |
_aDE-2950 _bger _cDE-2950 _erda |
||
| 041 | _ager | ||
| 100 | _aMahlke, Lisa: | ||
| 245 |
_aTanzlaune und Kunst zum Frühstück. _bFreitag nach eins: Von einer Uraufführung der Uckermärkischen Bühnen Schwedt im Kleist Forum, über Disco und Party bis hin zu Krimis - das ist los in Frankfurt vom 5. bis 7. November./ _cLisa Mahlke |
||
| 264 | _c2021 | ||
| 653 | _aFrankfurt (Oder) | ||
| 653 | _aVeranstaltung | ||
| 653 | _aKultur | ||
| 653 | _aUraufführung | ||
| 773 |
_dFrankfurt (Oder) Märkisches Verlags- und Druckhaus GmbH & Co KG _tMärkische Oderzeitung _g32. Jahrgang (2021) Nr. 259 vom 05.11.2021, S. 15 |
||
| 942 | _cA | ||